Joueurs du PSG sous Colony Capital (2006-2011) - Statistiques

Statistiques générales
  • Ce quiz a été pris 686 fois
  • Le résultat moyen est 19 sur 55
Statistiques - réponses
Poste Nationalité (Sélection Nationale) Club précédent Temps au PSG Joueur % Correct
Gardien France (11 Sélections) FC Nantes 2006-2009 Mickaël Landreau
85%
Attaquant Portugal (88 Sélections) Girondins de Bordeaux 2003-2008 Pedro Miguel Pauleta
74%
Gardien France (34 Sélections) Atletico Madrid 2009-2011 Grégory Coupet
69%
Attaquant France (5 Sélections) Le Havre AC 2008-2013 Guillaume Hoarau
69%
Défenseur France (29 Sélections) Formé au Club 2007-2013 Mamadou Sakho
68%
Gardien Arménie (6 Sélections) Rapid Bucarest 2007-2011 Apoula Edel
66%
Attaquant Brésil (0 Sélection) As Monaco 2010-2013 Nenê
65%
Milieu France (1 Sélection) Formé au Club 2006-2015 Clément Chantôme
64%
Attaquant Turquie (35 Sélections) FC Sochaux-Montbéliard 2009-2012 Mevlüt Erding
64%
Défenseur France (0 Sélection) FC Nantes 2004-2013 Sylvain Armand
63%
Défenseur Colombie (102 Sélections) FC Nantes 2004-2008 Mario Yepes
62%
Milieu France ( 71 Sélections) Chelsea FC 2008-2011 Claude Makélélé
57%
Défenseur Brésil (0 Sélection) SC Internacional 2007-2012 Marcos Céara
56%
Milieu France (13 Sélections) As Monaco 2004-2010 Jérôme Rothen
55%
Défenseur France (16 Sélections) FC Lorient 2009-2014 Christophe Jallet
53%
Attaquant France (17 Sélections) As Roma 2008-2011 Ludovic Giuly
51%
Défenseur France (1 Sélection) AS Saint-Etienne 2007-2015 Zoumana Camara
50%
Milieu France (0 Sélection) Glasgow Rangers 2007-2011 Jérémy Clément
47%
Défenseur Mali (21 Sélections) OGC Nice 2006-2011 Sammy Traoré
47%
Milieu Bénin (82 Sélections) Le Mans FC 2008-2011 Stéphane Sességnon
46%
Gardien France (0 Sélection) AS Saint-Etienne 2001-2008 Jérôme Alonzo
45%
Défenseur Côte d'Ivoire (103 Sélections) Valenciennes FC 2010-2013 Siaka Tiéné
44%
Attaquant Yougoslavie/Serbie (26 / 23) Fenerbahçe SK 2009-2010 Mateja Kezman
42%
Attaquant France (6 Sélections) Levante UD 2007-2012 Peguy Luyindula
41%
Milieu France (0 Sélection) Olympique Lyonnais 2010-2013 Mathieu Bodmer
40%
Attaquant Côte d'Ivoire (8 Sélections) RC Strasbourg 2006-2088 Amara Diané
38%
Défenseur France (3 Sélections) SM Caen 2000-2008 Bernard Mendy
34%
Attaquant Brésil (0 Sélection) SC Corinthians 2008-2011 Everton Santos
34%
Milieu Brésil (0 Sélection) Sao Paulo FC 2008-2009 Willamis de Souza
30%
Défenseur République Tchèque (60 Sélections) FC Bruges 2005-2007 David Rozehnal
29%
Attaquant Côte d'Ivoire (52 Sélections) AJ Auxerre 2005-2007 Bonaventure Kalou
27%
Attaquant France (0 Sélection) Le Mans FC 2004-2009 Fabrice Pancrate
27%
Milieu Uruguay (110 Sélections) CA Penarol 2005-2007 Cristian Rodriguez
25%
Défenseur France (0 Sélection) Stade Rennais 2007-2010 Grégory Bourillon
25%
Milieu Argentine (44 Sélections) River Plate 2007-2008 Marcelo Gallardo
25%
Milieu France (0 sélection) Pau FC 1997-2007 Edouard Cissé
23%
Attaquant Haïti (30 Sélections) Formé au Club 2008-2014 Jean-Eudes Maurice
22%
Attaquant France (0 Sélections) Olympique Lyonnais 2006-2008 Pierre-Alain Frau
22%
Milieu France (18 Sélections) Milan A.C 2005-2006 Vikash Dhorasoo
21%
Milieu Sénégal (8 Sélections) Formé au Club 2007-2011 Younousse Sankharé
15%
Milieu France (0 Sélection) Le Havre AC 2007-2008 Didier Digard
13%
Défenseur France (0 Sélection) Formé au Club 2008-2011 Tripy Makonda
13%
Attaquant France (0 Sélection) Formé au Club 2006-2008 David N'Gog
12%
Milieu République Démocratique du Congo (41 Sélections) Formé au Club 2006-2009 Youssouf Mulumbu
12%
Milieu France (0 Sélection) AS Saint-Etienne 2006-2007 David Hellebuyck
11%
Attaquant France (0 Sélection) Formé au Club 2007-2013 Loris Arnaud
11%
Défenseur Brésil (3 Sélections) Vasco de Gama 2002-2007 Paulo César
11%
Défenseur République Démocratique du Congo (0 Sélection) Formé au Club 2006-2009 Larrys Mabiala
9%
Milieu Cameroun ( 2 Sélections) FC Aarau 2006-2010 Albert Baning
8%
Défenseur Sénégal (12 Sélections) Formé au Club 2005-2007 Boukary Dramé
8%
Milieu République Démocratique du Congo (1 Sélection) Formé au Club 2007-2012 Granddi Ngoyi
8%
Gardien France (0 Sélection) Valenciennes FC 2009-2010 Willy Grondin
7%
Attaquant Côte d'Ivoire ( 3 Sélections) Formé au Club 2004-2007 Yannick Boli
3%
Gardien France (0 Sélection) AJ Auxerre 2008-2009 Stéphane Véron
2%
Milieu France (0 Sélection) Formé au Club 2001-2007 Samuel Piètre
1%
Aucun quiz correspondant
Distribution des résultats
% des personnes avec chaque résultat
Percentile par nombre de réponses
Votre historique - résultats
Vous n’avez pas pris ce quiz